| 000 | 00764nam a22002537a 4500 | ||
|---|---|---|---|
| 003 | BPGM | ||
| 005 | 20260630194047.0 | ||
| 008 | 260630m20112013mx bo||gr||||s001 0 spa d | ||
| 020 | _a978-607-7906-10-0 | ||
| 040 |
_aBPGM _bspa |
||
| 041 |
_aSPA _hSPA |
||
| 082 | 0 | 4 |
_a972.45 _bZ375 |
| 100 |
_aZARATE MIGUEL, GUADALUPE _eAUTORA |
||
| 245 | _aMEMORIA QUERETANA | ||
| 260 |
_aQUERÉTARO _bPODER EJECUTIVO DEL ESTADO DE QUERÉTARO _c2013 |
||
| 300 |
_a238 páginas, _c29 cm x 20 cm. |
||
| 336 |
_2rdacontent _atexto _btxt |
||
| 337 |
_2rdamedia _asin mediación _bn |
||
| 338 |
_2rdacarrier _avolumen _bnc |
||
| 650 | _aMESOAMERICA (AMERICA MEDIA) MEXICO | ||
| 650 | _aHISTORIA GENERAL DE AMERICA DEL NORTE | ||
| 650 | _aGEOGRAFIA E HISTORIA | ||
| 942 |
_2ddc _cCOLQ |
||
| 999 |
_c68719 _d68719 |
||